000 00379nam a2200157Ia 4500
008 221030s9999 xx 000 0 und d
020 _a007463349X
041 _aEnglish
082 _a105.23
_bRav
100 _aD. Ravichandran
245 0 _aProgramming With C ++
_cby D. Ravichandran
260 _bTMH
_aNew Delhi
_c2000
300 _a607
650 _aBE Computer
942 _cBK
999 _c7232
_d7232